| 000 | 01655pam a22004811a 4500 | ||
|---|---|---|---|
| 001 | 55155 | ||
| 005 | 20230410143344.0 | ||
| 008 | 060809s2007 enka 000 0 eng | ||
| 035 | _a(OCoLC)ocm71238502 | ||
| 040 |
_aUKM _cUKM _dBWKUK _dYDXCP _dBAKER _dBTCTA _dDRFGD |
||
| 015 |
_aGBA674005 _2bnb |
||
| 016 | 7 |
_a013541132 _2Uk |
|
| 019 | _a77793556 | ||
| 020 | _a9780230006317 (hbk.) | ||
| 020 | _a0230006310 (hbk.) | ||
| 029 | 1 |
_aYDXCP _b100443811 |
|
| 029 | 1 |
_aNZ1 _b10988997 |
|
| 029 | 1 |
_aNLGGC _b301440662 |
|
| 035 |
_a(OCoLC)71238502 _z(OCoLC)77793556 |
||
| 042 | _aukblsr | ||
| 082 | 0 | 4 |
_a942.05 _222 |
| 049 | _aGRAL | ||
| 050 | 1 | 4 | _aS762w 2007 |
| 100 | 1 |
_aSpolsky, Ellen, _d1943- |
|
| 245 | 1 | 0 |
_aWord vs image : _bcognitive hunger in Shakespeare's England / _cEllen Spolsky. |
| 260 |
_aBasingstoke : _bPalgrave Macmillan, _c2007. |
||
| 300 |
_axiv, 240 p. : _bill. ; _c22 cm. |
||
| 504 | _aIncludes bibliographical references (p. 194-225) and index. | ||
| 650 | 0 |
_aIconoclasm _zEngland. |
|
| 650 | 0 |
_aLiteracy _zEngland. |
|
| 650 | 0 |
_aVisual communication _zEngland _xHistory _y16th century. |
|
| 650 | 0 |
_aVisual communication _zEngland _xHistory _y17th century. |
|
| 651 | 0 |
_aEngland _xReligion _y16th century. |
|
| 651 | 0 |
_aEngland _xReligion _y17th century. |
|
| 651 | 0 |
_aEngland _xIntellectual life _y16th century. |
|
| 651 | 0 |
_aEngland _xIntellectual life _y17th century. |
|
| 938 |
_aYBP Library Services _bYANK _n100443811 |
||
| 938 |
_aBaker & Taylor _bBKTY _c69.95 _d69.95 _i0230006310 _n0007155369 _sactive |
||
| 938 |
_aBaker and Taylor _bBTCP _nBK0007155369 |
||
| 942 |
_2lcc _cbk |
||
| 946 | _almminaya | ||
| 994 |
_aC0 _bDRFGD |
||
| 999 |
_c100166 _d100166 |
||